<?xml version="1.0" encoding="UTF-8"?>
<record
    xmlns:xsi="http://www.w3.org/2001/XMLSchema-instance"
    xsi:schemaLocation="http://www.loc.gov/MARC21/slim http://www.loc.gov/standards/marcxml/schema/MARC21slim.xsd"
    xmlns="http://www.loc.gov/MARC21/slim">

  <leader>01216nab a22002417a 4500</leader>
  <controlfield tag="005">20150714115736.0</controlfield>
  <controlfield tag="008">150627b2006    ck  l. gr|||| 00|   spa d</controlfield>
  <datafield tag="040" ind1=" " ind2=" ">
    <subfield code="a">CO-BoIAVH</subfield>
    <subfield code="c">CO-BoIAVH</subfield>
  </datafield>
  <datafield tag="041" ind1=" " ind2=" ">
    <subfield code="a">spa</subfield>
  </datafield>
  <datafield tag="044" ind1=" " ind2=" ">
    <subfield code="a">ck</subfield>
  </datafield>
  <datafield tag="090" ind1=" " ind2=" ">
    <subfield code="a">AR</subfield>
    <subfield code="b">01876</subfield>
  </datafield>
  <datafield tag="100" ind1="1" ind2=" ">
    <subfield code="a">Quevedo-Gil, Alonso</subfield>
    <subfield code="9">34975</subfield>
  </datafield>
  <datafield tag="245" ind1="1" ind2="0">
    <subfield code="a">Plan de acci&#xF3;n nacional para los loros amenazados de Colombia :</subfield>
    <subfield code="b">una iniciativa para garantizar la conservacion de nuestros loros /</subfield>
    <subfield code="c">Alonso Quevedo-Gil</subfield>
  </datafield>
  <datafield tag="260" ind1=" " ind2=" ">
    <subfield code="a">Bogot&#xE1;:</subfield>
    <subfield code="b">Fundaci&#xF3;n  Proaves,</subfield>
    <subfield code="c">2006.</subfield>
  </datafield>
  <datafield tag="300" ind1=" " ind2=" ">
    <subfield code="a">A&#xF1;o 2006, Nro 1, Octubre, Pag. 9-20.</subfield>
  </datafield>
  <datafield tag="504" ind1=" " ind2=" ">
    <subfield code="a">Incluye referencias bibliogr&#xE1;ficas (pag. 20)</subfield>
  </datafield>
  <datafield tag="520" ind1=" " ind2=" ">
    <subfield code="a">En vista del valor de los loros amenazados como grupo de importancia para realizar acciones de conservaci&#xF3;n, Proaves inici&#xF3; en el 2002 un programa intensivo de localizaci&#xF3;n y monitoreo de las poblaciones de las especies de loros mas raras y amenazadas de Colombia</subfield>
  </datafield>
  <datafield tag="650" ind1="1" ind2=" ">
    <subfield code="a">Loros amenazados</subfield>
    <subfield code="z">Colombia</subfield>
    <subfield code="9">35770</subfield>
  </datafield>
  <datafield tag="650" ind1="1" ind2=" ">
    <subfield code="a">Loros amenazados</subfield>
    <subfield code="x">planes de acci&#xF3;n</subfield>
    <subfield code="z">Colombia</subfield>
    <subfield code="9">35771</subfield>
  </datafield>
  <datafield tag="650" ind1="1" ind2=" ">
    <subfield code="a">Loros amenazados</subfield>
    <subfield code="z">Andes Colombianos</subfield>
    <subfield code="9">35772</subfield>
  </datafield>
  <datafield tag="773" ind1="0" ind2=" ">
    <subfield code="d">Bogot&#xE1; :  Fundaci&#xF3;n ProAves,  2006-</subfield>
    <subfield code="o">038445</subfield>
    <subfield code="t">Revista Conservaci&#xF3;n Colombiana</subfield>
    <subfield code="x">19001592</subfield>
  </datafield>
  <datafield tag="942" ind1=" " ind2=" ">
    <subfield code="2">z</subfield>
    <subfield code="c">ARTICULO</subfield>
  </datafield>
  <datafield tag="999" ind1=" " ind2=" ">
    <subfield code="c">17493</subfield>
    <subfield code="d">17493</subfield>
  </datafield>
  <datafield tag="952" ind1=" " ind2=" ">
    <subfield code="0">0</subfield>
    <subfield code="1">0</subfield>
    <subfield code="2">z</subfield>
    <subfield code="4">0</subfield>
    <subfield code="7">1</subfield>
    <subfield code="8">HEMEROTECA</subfield>
    <subfield code="A">2006</subfield>
    <subfield code="C">1</subfield>
    <subfield code="a">Bogota</subfield>
    <subfield code="b">Bogota</subfield>
    <subfield code="d">2015-06-27</subfield>
    <subfield code="e">Fundaci&#xF3;n Proaves</subfield>
    <subfield code="h">Fuera de circulaci&#xF3;n</subfield>
    <subfield code="l">0</subfield>
    <subfield code="o">AR-01876</subfield>
    <subfield code="p">AUTO_29220</subfield>
    <subfield code="r">2015-06-27 00:00:00</subfield>
    <subfield code="t">Ej. 1</subfield>
    <subfield code="w">2015-06-27</subfield>
    <subfield code="y">ARTICULO</subfield>
  </datafield>
</record>
